Normal view
MARC view
Entry Personal Name
001 - CONTROL NUMBER
- control field: 15066
003 - CONTROL NUMBER IDENTIFIER
- control field: OSt
005 - DATE AND TIME OF LATEST TRANSACTION
- control field: 20211008105708.0
008 - FIXED-LENGTH DATA ELEMENTS
- fixed length control field: 211008|| aca||aabn | a|a d
040 ## - CATALOGING SOURCE
- Original cataloging agency: OSt
- Transcribing agency: OSt
100 ## - HEADING--PERSONAL NAME
- Personal name: Bland,Roger G., Jaques H.E.;
670 ## - SOURCE DATA FOUND
- Source citation: Work cat.: (OSt)0: Bland,Roger G., Jaques H.E.;, How to know the insects., c1978.
